| 000 | 02580cam a2200421 i 4500 | ||
|---|---|---|---|
| 999 |
_c113908 _d113908 |
||
| 001 | 18247763 | ||
| 003 | OSt | ||
| 005 | 20200910121259.0 | ||
| 007 | ta | ||
| 008 | 140122t2014 ii a bq 001 0deng d | ||
| 010 | _a 2014356737 | ||
| 020 | _a9788125053569 | ||
| 020 | _a8125053565 | ||
| 025 | _aI-E-2014-356737; 63-91 | ||
| 035 | _a(OCoLC)ocn869350014 | ||
| 035 | _a(OCoLC)869350014 | ||
| 037 | _aLibrary of Congress -- New Delhi Overseas Office | ||
| 040 |
_aDKAGE _beng _cDKAGE _erda _dCUS _dDLC |
||
| 042 |
_alccopycat _alcode |
||
| 043 | _aa-ii--- | ||
| 050 | 0 | 0 |
_aPN2887 _b.P73 2014 |
| 082 | 0 | 4 |
_a791.4302 PRA _223 |
| 100 | 1 |
_aPrasad, M. Madhava, _eauthor. |
|
| 245 | 1 | 0 |
_aCine-politics : _bFilm stars and political existence in South India / _c[M. Madhava Prasad]. |
| 264 | 1 |
_aNew Delhi : _bOrient Blackswan, _c2014. |
|
| 300 |
_ax, 210 pages : _billustrations ; _c23 cm |
||
| 336 |
_atext _btxt _2rdacontent |
||
| 337 |
_aunmediated _bn _2rdamedia |
||
| 338 |
_avolume _bnc _2rdacarrier |
||
| 504 | _aIncludes bibliographical references (pages 193-199) and index. | ||
| 504 | _aFilmography (pages 200-203). | ||
| 505 | _aAbout this Item: Orient BlackSwan, New Delhi, India, 2014. Hardcover. Condition: New. Dust Jacket Condition: New. Cine-politics explores the unique link established between cinema and politics in south India since the 1950s. Taking up the trajectories of three major stars M. G. Ramachandran, N. T. Rama Rao and Rajkumar, from Tamil Nadu, Andhra Pradesh and Karnataka, respectively the book shows how the widespread political mobilisation of star charisma in south India cine-politics sheds critical light on the nature of democratic political life in postcolonial India. Insisting on the centrality of both cinematic and political aspects in interpreting the cine-political event, the author locates the emergence of the phenomenon against the backdrop of demands for the linguistic reorganisation of the states soon after independence. The argument leads us through the various formal and narrative shifts enabling the production of a cinematic form that allowed marginalised populations, deprived of political existence in the newly forged nation, to enact the fantasy of popular sovereignty.Printed Pages: 224 | ||
| 650 | 0 |
_aMotion picture actors and actresses _xPolitical activity _zIndia, South. |
|
| 651 | 0 |
_aIndia, South _xPolitics and government _y20th century. |
|
| 906 |
_a7 _bpar _ccopycat _d3 _encip _f20 _gy-gencatlg |
||
| 942 |
_2ddc _cBK |
||